=LDR 00000nam 2200000 4500 =001 INLIS000000000037588 =005 20130612143320 =008 ***********************************Ind** =035 ##$$0010-061300000037588 =041 ##$$a Ind =082 ##$$a 641.72 =090 ##$$a 641.72, Erw g =100 ##$$a Erwin, Lilly T =245 ##$$a Gemar makan ikan 25 cita rasa ikan kembung, Lilly T Erwin ; editor, Intarina Hardiman =260 ##$$a 2011 $b Jakarta =300 ##$$a 54 hlm, ilus, 22 cm =650 ##$$a masakan ikan =700 ##$$a Hardiman, Intarina =850 ##$$a NBPNMAT